000 00419nam a22001691a 4500
020 _a9789361003905
082 _aM4
_bKEN/S
100 _aK E N
245 _aSamooham, sahithyam, samskaram/
_cby K E N
250 _a2
260 _aThiruvananthapuram:
_bKerala Bhasha Institute,
_c2024.
300 _a368p.
650 _aEssays Malayalam
650 _aLiterature Malayalam
650 _aLiterature
942 _cBK
999 _c181556
_d181556